00563nam a22001577a 4500003000400000082001600004100003700020245013600057260003500193300000700228650001600235653000800251942001200259952011700271999001700388SGT a617.3bC23P aPRAKASHCHANDRA, PINDARIA KULDEEP aComparison of results of intraarticular platelet rich plasma injection vs corticosteroid injection in osteoarthritis of knee joints aGURUGRAMbSGT UNIVERSITYc2023 a76 aORTHOPAEDIC aM.S 2ddccTH 00102ddc4051718MEDICALaFMbFMcREFd2024-06-25l0o617.3 C23PpDT1748r2024-06-25 00:00:00w2024-06-25yTH c26530d26530